书目信息 |
| 题名: |
四步创业法
|
|
| 作者: | 布兰克 著 | |
| 分册: | ||
| 出版信息: | 武汉 华中理工大学出版社 2014.11 |
|
| 页数: | 299页 | |
| 开本: | 21cm | |
| 丛书名: | ||
| 单 册: | ||
| 中图分类: | F270 | |
| 科图分类: | ||
| 主题词: | 企业经济 | |
| 电子资源: | ||
| ISBN: | 7-5609-8248-4 | |
| 000 | 00561nam0 2200193 450 | |
| 001 | 1655730873 | |
| 005 | 20160405153243.86 | |
| 010 | @a7-5609-8248-4@dCNY48.00 | |
| 100 | @a20160405d2014 km y0chiy0120 ea | |
| 101 | 0 | @achi |
| 102 | @aCN@b420000 | |
| 200 | 1 | @a四步创业法@Asi bu chuang ye fa@f(美) 布兰克著@F(mei)bu lan ke zhu |
| 210 | @a武汉@c华中理工大学出版社@d2014.11 | |
| 215 | @a299页@d21cm | |
| 606 | 0 | @a企业经济 |
| 690 | @aF270@v4 | |
| 701 | 0 | @a布兰克@Abu lan ke@4著 |
| 801 | 0 | @aCN@b大连网信软件有限公司图书馆·11@c20160405 |
| 905 | @aZUCC@dF270@eB9822 | |
| 四步创业法/(美) 布兰克著.-武汉:华中理工大学出版社,2014.11 |
| 299页;21cm |
| ISBN 7-5609-8248-4:CNY48.00 |
| ● |
| 相关链接 |
|
|
|
正题名:四步创业法
索取号:F270/B9822
 
预约/预借
| 序号 | 登录号 | 条形码 | 馆藏地/架位号 | 状态 | 备注 |
| 1 | 1222513 | 212225135 | 社科库409/409社科库 82排2列3层/ [索取号:F270/B9822] | 在馆 |